[Event "1st FIDE OWCCCC Pools-East 2021"]
[Site "Online"]
[Date "2021.02.20"]
[Round "6.23"]
[White "Teterikov, Andrey"]
[Black "Stangl, Anita"]
[Result "1-0"]
[WhiteElo "2029"]
[BlackElo "2005"]
[Annotator "NA"]
[PlyCount "141"]
[EventDate "2021.02.19"]
[EventType "team-tourn"]
[EventCountry "NET"]
[SourceTitle "playchess.com"]
[Source "ChessBase"]
[SourceQuality "1"]

1. e4 e6 2. d3 d5 3. Nd2 Nf6 4. e5 Nfd7 5. Ngf3 c5 6. g3 Nc6 7. Qe2 Qc7 8. c4 d4 9. Bg2 Ndxe5 10. O-O Ng6 11. h4 Bd7 12. a3 Bd6 13. Ne4 Be7 14. h5 Nf8 15. Re1 e5 16. Bd2 h6 17. b4 cxb4 18. axb4 Nxb4 19. c5 Nc6 20. Nd6+ Bxd6 21. cxd6 Qxd6 22. Nxe5 Ne6 23. Nxd7 Qxd7 24. Qg4 O-O-O 25. Rec1 Kb8 26. Rab1 Ka8 27. Qf3 Rc8 28. Rc4 Ned8 29. Qf4 Re8 30. Ra4 Ne5 31. Qe4 Ndc6 32. Bf4 f5 33. Qe2 Nc4 34. Qa2 Nb6 35. Rxb6 Qe6 36. Qxe6 Rxe6 37. Rb1 a6 38. Rc4 Ka7 39. Rbc1 Rce8 40. Bxc6 bxc6 41. Rxc6 Re1+ 42. Kg2 Rxc1 43. Rxc1 Kb6 44. Bd6 Re6 45. Bc5+ Kb5 46. Bxd4 g5 47. hxg6 Rxg6 48. Be3 a5 49. Rc5+ Kb4 50. Rxf5 a4 51. Kf3 a3 52. Bc5+ Kb3 53. Bxa3 Kxa3 54. Rb5 Ka4 55. Rb8 Ka5 56. d4 Ka6 57. Ke3 Ka7 58. Rb1 Ka6 59. Ke4 Re6+ 60. Kf5 Rd6 61. Ke5 Rg6 62. Rb3 Rg5+ 63. Ke4 Rg6 64. f4 Ka5 65. f5 Rg5 66. Ke5 Ka4 67. Rf3 Kb5 68. Kd6 Kc4 69. f6 Rg8 70. f7 Rf8 71. Ke7 1-0

[Event "1st FIDE OWCCCC Pools-East 2021"]
[Site "Online"]
[Date "2021.02.20"]
[Round "6.23"]
[White "Athirai, S."]
[Black "Biswajeet Pradhan"]
[Result "0-1"]
[WhiteElo "1899"]
[BlackElo "1099"]
[Annotator "NA"]
[PlyCount "56"]
[EventDate "2021.02.19"]
[EventType "team-tourn"]
[EventCountry "NET"]
[SourceTitle "playchess.com"]
[Source "ChessBase"]
[SourceQuality "1"]

1. e4 e6 2. d4 d5 3. Nc3 Nf6 4. e5 Nfd7 5. Nce2 c5 6. c3 Nc6 7. f4 cxd4 8. cxd4 Qb6 9. Nf3 Bb4+ 10. Bd2 O-O 11. a3 Be7 12. b4 f6 13. Bc3 fxe5 14. fxe5 a5 15. Ng3 axb4 16. axb4 Rxa1 17. Qxa1 Bxb4 18. Bd3 Nxd4 19. Nd2 Bxc3 20. Qxc3 Nxe5 21. Rf1 Nxd3+ 22. Qxd3 Rxf1+ 23. Kxf1 Bd7 24. Ke1 Ba4 25. Qc3 Nc6 26. Nh5 Qd4 27. Qg3 Qe5+ 28. Qxe5 Nxe5 0-1

[Event "1st FIDE OWCCCC Pools-East 2021"]
[Site "Online"]
[Date "2021.02.20"]
[Round "6.23"]
[White "Bautista Ballester, Jordi"]
[Black "Serefidou, Despina"]
[Result "1-0"]
[WhiteElo "1887"]
[BlackElo "1933"]
[Annotator "NA"]
[PlyCount "135"]
[EventDate "2021.02.19"]
[EventType "team-tourn"]
[EventCountry "NET"]
[SourceTitle "playchess.com"]
[Source "ChessBase"]
[SourceQuality "1"]

1. e4 e5 2. Nf3 Nc6 3. d4 exd4 4. Nxd4 Nf6 5. Nc3 Bb4 6. Nxc6 bxc6 7. Bd3 O-O 8. O-O d5 9. e5 Ng4 10. Bf4 Re8 11. Ne2 Nxe5 12. c3 Nxd3 13. Qxd3 Bd6 14. Bg3 Qf6 15. Nd4 a5 16. Rfe1 Bd7 17. Rad1 Bxg3 18. fxg3 Rab8 19. Rf1 Qe5 20. Rf2 c5 21. Nf3 Qe7 22. Qxd5 Be6 23. Qh5 Bxa2 24. Ng5 h6 25. Nxf7 Bxf7 26. Qg4 Rbd8 27. Rdf1 Be6 28. Qe4 Bd5 29. Qg6 Bc4 30. Ra1 Qe3 31. Qc2 Rf8 32. b3 Bxb3 33. Qxb3+ Kh8 34. Qc2 Rf6 35. Qe2 Qxf2+ 36. Qxf2 Rxf2 37. Kxf2 Rd3 38. Ra3 Kg8 39. Ke2 c4 40. Rxa5 Rxc3 41. Kd2 Rd3+ 42. Ke2 Kf7 43. Rc5 Rd4 44. Rxc7+ Kf6 45. Ke3 Rd3+ 46. Ke4 Rd2 47. Rxc4 Rxg2 48. Rc6+ Kg5 49. h4+ Kg4 50. Rg6+ Kh3 51. Kf3 Rg1 52. Rxg7 Rf1+ 53. Ke2 Rg1 54. Kf2 Rg2+ 55. Kf3 Rg1 56. h5 Rg2 57. Rg6 Rg1 58. Rxh6 Rxg3+ 59. Kf4 Kh4 60. Rh8 Rg1 61. h6 Rg6 62. Kf5 Rg5+ 63. Kf6 Rh5 64. h7 Kg4 65. Rg8+ Kf4 66. h8=Q Rxh8 67. Rxh8 Ke4 68. Rh5 1-0

[Event "1st FIDE OWCCCC Pools-East 2021"]
[Site "Online"]
[Date "2021.02.20"]
[Round "6.23"]
[White "Atserias Batalla, Jordi"]
[Black "Lalit, Karmarkar"]
[Result "1-0"]
[WhiteElo "1801"]
[BlackElo "1838"]
[Annotator "NA"]
[PlyCount "55"]
[EventDate "2021.02.19"]
[EventType "team-tourn"]
[EventCountry "NET"]
[SourceTitle "playchess.com"]
[Source "ChessBase"]
[SourceQuality "1"]

1. d4 d5 2. c4 c6 3. Nc3 Nf6 4. Bg5 Ne4 5. Nxe4 dxe4 6. g3 Bf5 7. Bg2 Bg6 8. Nh3 Nd7 9. O-O Qb6 10. Qd2 e5 11. dxe5 Nxe5 12. b3 Bc5 13. Nf4 e3 14. Qc1 Bf5 15. Nh5 exf2+ 16. Kh1 O-O 17. Qf4 Bg6 18. Nxg7 Nd3 19. exd3 Kxg7 20. Bf6+ Kg8 21. d4 Be7 22. Bxe7 Rfe8 23. Bf6 Re6 24. Rxf2 Rae8 25. d5 cxd5 26. Bxd5 Re1+ 27. Rxe1 Rxe1+ 28. Kg2 1-0

[Event "1st FIDE OWCCCC Pools-East 2021"]
[Site "Online"]
[Date "2021.02.20"]
[Round "6.24"]
[White "Spruenken, Dirk"]
[Black "Yastrebova, Olga"]
[Result "1-0"]
[WhiteElo "1941"]
[BlackElo "1179"]
[Annotator "NA"]
[PlyCount "107"]
[EventDate "2021.02.19"]
[EventType "team-tourn"]
[EventCountry "NET"]
[SourceTitle "playchess.com"]
[Source "ChessBase"]
[SourceQuality "1"]

1. Nf3 Nf6 2. c4 d6 3. d4 g6 4. b3 Bg7 5. Bb2 O-O 6. e3 c5 7. dxc5 dxc5 8. Qxd8 Rxd8 9. Be2 Nc6 10. O-O b6 11. Na3 Bb7 12. Rfd1 Rxd1+ 13. Rxd1 Rd8 14. Nb5 a6 15. Rxd8+ Nxd8 16. Nc7 e6 17. Ne5 Kf8 18. Bf3 a5 19. Bxb7 Nxb7 20. Na8 Ng4 21. Nd7+ Kg8 22. Bxg7 Kxg7 23. Naxb6 Nf6 24. Nxf6 Kxf6 25. f3 Ke5 26. Kf2 Kd6 27. Ke2 Kc6 28. Na4 Nd6 29. Kd3 f5 30. Nc3 Nf7 31. Ne2 Ne5+ 32. Kc3 Kb6 33. a3 Kc6 34. Nf4 Kd6 35. Nd3 Nc6 36. b4 cxb4+ 37. axb4 axb4+ 38. Nxb4 Na5 39. Nd3 Nc6 40. e4 fxe4 41. fxe4 Ke7 42. c5 e5 43. Kc4 Ke6 44. Nf2 Nd4 45. Nh3 h6 46. g4 Nf3 47. Kb5 Nd4+ 48. Kb6 Kd7 49. g5 hxg5 50. Nxg5 Nc6 51. Nf3 Nb4 52. Nxe5+ Ke6 53. Nxg6 Nd3 54. c6 1-0

[Event "1st FIDE OWCCCC Pools-East 2021"]
[Site "Online"]
[Date "2021.02.20"]
[Round "6.24"]
[White "Kyteas, Apostolos"]
[Black "Hapala, Elisabeth"]
[Result "0-1"]
[WhiteElo "1568"]
[BlackElo "2116"]
[Annotator "NA"]
[PlyCount "66"]
[EventDate "2021.02.19"]
[EventType "team-tourn"]
[EventCountry "NET"]
[SourceTitle "playchess.com"]
[Source "ChessBase"]
[SourceQuality "1"]

1. e4 c5 2. Nf3 e6 3. d4 cxd4 4. Nxd4 Nc6 5. Nc3 Qc7 6. a3 a6 7. g3 h5 8. h4 Nf6 9. Bh3 Bc5 10. Be3 Ne5 11. Bf4 Bxd4 12. O-O Bxc3 13. bxc3 b5 14. Bg2 Bb7 15. Qd4 d6 16. Rad1 Rd8 17. a4 O-O 18. axb5 axb5 19. Qb4 Qc4 20. Rfe1 Qxb4 21. cxb4 Nc4 22. c3 d5 23. exd5 Bxd5 24. Bf1 Rc8 25. Bxc4 Rxc4 26. Bd6 Rfc8 27. Be5 Ne4 28. Ra1 Nxc3 29. Ra5 Rxb4 30. Rea1 f6 31. Bxc3 Rxc3 32. Ra8+ Bxa8 33. Rxa8+ Kh7 0-1

[Event "1st FIDE OWCCCC Pools-East 2021"]
[Site "Online"]
[Date "2021.02.20"]
[Round "6.24"]
[White "Gupta Ashish Bajaranglal"]
[Black "Arun_"]
[Result "1-0"]
[WhiteElo "1515"]
[BlackElo "1678"]
[Annotator "NA"]
[PlyCount "41"]
[EventDate "2021.02.19"]
[EventType "team-tourn"]
[EventCountry "NET"]
[SourceTitle "playchess.com"]
[Source "ChessBase"]
[SourceQuality "1"]

1. d4 e6 2. c4 f5 3. Nc3 Bb4 4. Nf3 Nf6 5. a3 Bxc3+ 6. bxc3 b6 7. Bf4 Bb7 8. e3 O-O 9. Bd3 d6 10. h3 Nbd7 11. g4 fxg4 12. hxg4 Nxg4 13. Bxh7+ Kf7 14. Ng5+ Ke7 15. Qxg4 Rf6 16. Ne4 Bxe4 17. Qxg7+ Rf7 18. Bg5+ Nf6 19. Bxf6+ Ke8 20. Qg8+ Rf8 21. Qxe6+ 1-0

[Event "1st FIDE OWCCCC Pools-East 2021"]
[Site "Online"]
[Date "2021.02.20"]
[Round "6.24"]
[White "Khanna, Vani"]
[Black "George, Olufemi"]
[Result "0-1"]
[WhiteElo "1203"]
[BlackElo "1766"]
[Annotator "NA"]
[PlyCount "92"]
[EventDate "2021.02.19"]
[EventType "team-tourn"]
[EventCountry "NET"]
[SourceTitle "playchess.com"]
[Source "ChessBase"]
[SourceQuality "1"]

1. d4 Nf6 2. Nc3 g6 3. Nf3 Bg7 4. h3 O-O 5. e4 c5 6. dxc5 Qa5 7. e5 Ne4 8. Bd3 Nxc3 9. Qd2 Qxc5 10. O-O Nd5 11. c4 Nb4 12. a3 Nxd3 13. Qxd3 Na6 14. b4 Qc7 15. Bf4 Qd8 16. Rad1 Nc7 17. a4 Ne6 18. Bh2 Qb6 19. Qd2 Qc6 20. Qd3 Qxa4 21. b5 Qb4 22. Nd4 a6 23. Nxe6 dxe6 24. Rb1 Qc5 25. b6 Bxe5 26. Bxe5 Qxe5 27. Qa3 Qf6 28. c5 Bd7 29. Rbd1 Bc6 30. f3 Rfd8 31. Rxd8+ Rxd8 32. Qb3 Qd4+ 33. Kh2 Rd5 34. g4 Qf4+ 35. Kg2 Qd4 36. Kg3 Rxc5 37. h4 Qe5+ 38. Kh3 h5 39. Qd1 hxg4+ 40. fxg4 Rc3+ 41. Rf3 Rxf3+ 42. Kg2 Rd3+ 43. Kf1 Rxd1+ 44. Kf2 Rd2+ 45. Kf1 Qe2+ 46. Kg1 Rd1# 0-1

[Event "1st FIDE OWCCCC Pools-East 2021"]
[Site "Online"]
[Date "2021.02.20"]
[Round "6.25"]
[White "Carlsen, Magnus"]
[Black "Sekar, Ramya"]
[Result "1-0"]
[WhiteElo "2862"]
[BlackElo "259"]
[Annotator "TA"]
[PlyCount "55"]
[EventDate "2021.02.19"]
[EventType "team-tourn"]
[EventCountry "NET"]
[SourceTitle "playchess.com"]
[Source "ChessBase"]
[SourceQuality "1"]

1. e4 e5 2. d4 exd4 3. Qxd4 Nc6 4. Qc4 Nf6 5. Nc3 d6 6. f3 Be7 7. Be3 O-O 8. O-O-O Be6 9. Qe2 a6 10. g4 Nd7 11. h4 b5 12. g5 Nce5 13. Nd5 Bxd5 14. exd5 Re8 15. Qg2 Bf8 16. Bd4 Qb8 17. h5 Qb7 18. f4 Nc4 19. g6 Ne3 20. gxf7+ Kxf7 21. Bxe3 Rxe3 22. Nf3 Kg8 23. Bd3 Nf6 24. h6 g6 25. Bxg6 hxg6 26. Qxg6+ Kh8 27. Qxf6+ Kg8 28. h7# 1-0

[Event "1st FIDE OWCCCC Pools-East 2021"]
[Site "Online"]
[Date "2021.02.20"]
[Round "6.25"]
[White "Van der Werf, Mark"]
[Black "Bemarkar, Kiran"]
[Result "1-0"]
[WhiteElo "2393"]
[BlackElo "1215"]
[Annotator "NA"]
[PlyCount "44"]
[EventDate "2021.02.19"]
[EventType "team-tourn"]
[EventCountry "NET"]
[SourceTitle "playchess.com"]
[Source "ChessBase"]
[SourceQuality "1"]

1. d4 d5 2. c4 e6 3. Nc3 Nf6 4. cxd5 Nxd5 5. e4 Nxc3 6. bxc3 c5 7. a3 cxd4 8. cxd4 Be7 9. Nf3 O-O 10. Bd3 b6 11. O-O Ba6 12. Bxa6 Nxa6 13. Qe2 Nc7 14. Bb2 Rc8 15. Rac1 a6 16. Ne5 Qe8 17. Qg4 Bf6 18. Qg3 Nb5 19. Ng4 Rxc1 20. Nxf6+ Kh8 21. Nxe8 Rxf1+ 22. Kxf1 Rxe8 1-0

[Event "1st FIDE OWCCCC Pools-East 2021"]
[Site "Online"]
[Date "2021.02.20"]
[Round "6.25"]
[White "Archbishop"]
[Black "Nishant Gupta"]
[Result "1-0"]
[WhiteElo "2211"]
[BlackElo "1210"]
[Annotator "NA"]
[PlyCount "121"]
[EventDate "2021.02.19"]
[EventType "team-tourn"]
[EventCountry "NET"]
[SourceTitle "playchess.com"]
[Source "ChessBase"]
[SourceQuality "1"]

1. Nf3 e6 2. c4 f5 3. Nc3 d6 4. d4 Nf6 5. Qc2 a5 6. e4 Nc6 7. exf5 Nb4 8. Qe2 Be7 9. fxe6 h6 10. d5 O-O 11. a3 Na6 12. Qc2 c6 13. Bd3 cxd5 14. cxd5 Nc7 15. Qb3 b5 16. O-O Rb8 17. Bg6 b4 18. Rd1 Bxe6 19. dxe6 bxc3 20. Bf7+ Rxf7 21. exf7+ Kf8 22. Qxc3 Kxf7 23. Bf4 Ncd5 24. Rxd5 Rc8 25. Qb3 a4 26. Qd3 Nxd5 27. Qxd5+ Kf8 28. Rd1 Rc5 29. Qxc5 dxc5 30. Rxd8+ Bxd8 31. Bd6+ Kf7 32. Bxc5 Bf6 33. Bd4 Be7 34. Kf1 Ke6 35. Ke2 Kd5 36. Kd3 g5 37. Ne1 g4 38. Nc2 h5 39. Ne3+ Ke6 40. Ke4 Bg5 41. Nd5 Bc1 42. Nb6 h4 43. Nxa4 g3 44. fxg3 hxg3 45. hxg3 Kd6 46. Be3 Bxe3 47. Kxe3 Kc6 48. b4 Kb5 49. Nb2 Ka6 50. Kd4 Kb6 51. Kd5 Kb5 52. g4 Ka6 53. a4 Kb6 54. Kd6 Ka6 55. Kc7 Ka7 56. b5 Ka8 57. Nd3 Ka7 58. Nc5 Ka8 59. g5 Ka7 60. b6+ Ka8 61. b7+ 1-0

[Event "1st FIDE OWCCCC Pools-East 2021"]
[Site "Online"]
[Date "2021.02.20"]
[Round "6.25"]
[White "Anuja, Bombatkar"]
[Black "Kulagin, Sergey"]
[Result "0-1"]
[WhiteElo "1870"]
[BlackElo "2047"]
[Annotator "NA"]
[PlyCount "86"]
[EventDate "2021.02.19"]
[EventType "team-tourn"]
[EventCountry "NET"]
[SourceTitle "playchess.com"]
[Source "ChessBase"]
[SourceQuality "1"]

1. d4 e6 2. c4 b6 3. Nc3 Bb7 4. e4 Bb4 5. Qc2 Qh4 6. Nf3 Qxe4+ 7. Qxe4 Bxe4 8. Be2 Bxc3+ 9. bxc3 Nf6 10. Ba3 d6 11. O-O c5 12. Ng5 Bc6 13. Rfe1 O-O 14. Rad1 h6 15. Nf3 Nbd7 16. dxc5 dxc5 17. Rd6 Ba4 18. Nd2 Rad8 19. f4 Nb8 20. Rxd8 Rxd8 21. Nf3 Nc6 22. h3 Ne4 23. Bb2 Ng3 24. Kf2 Nxe2 25. Kxe2 f6 26. Kf2 Kf7 27. Bc1 Na5 28. Nd2 Bc2 29. Re3 Ba4 30. Ke2 Bc6 31. g4 Bb7 32. Ba3 Ba6 33. Re4 Bb7 34. Re3 Rxd2+ 35. Kxd2 Nxc4+ 36. Ke2 Nxa3 37. Kd3 Ba6+ 38. Ke4 Nc4 39. Re1 e5 40. Rd1 Bb7+ 41. Kd3 Nb2+ 42. Kc2 Nxd1 43. Kxd1 exf4 0-1

[Event "1st FIDE OWCCCC Pools-East 2021"]
[Site "Online"]
[Date "2021.02.20"]
[Round "6.25"]
[White "Yash Shah"]
[Black "Nair, Sanjeev"]
[Result "0-1"]
[WhiteElo "1623"]
[BlackElo "2143"]
[Annotator "NA"]
[PlyCount "102"]
[EventDate "2021.02.19"]
[EventType "team-tourn"]
[EventCountry "NET"]
[SourceTitle "playchess.com"]
[Source "ChessBase"]
[SourceQuality "1"]

1. e4 c5 2. d4 cxd4 3. c3 d3 4. Bxd3 Nc6 5. Nf3 g6 6. Bf4 d6 7. Qb3 Bg7 8. O-O Nf6 9. Bb5 O-O 10. e5 Nh5 11. Be3 Nxe5 12. Nxe5 Bxe5 13. Nd2 a6 14. Be2 Nf4 15. Bd1 Be6 16. Qxb7 Bd5 17. Qb4 Nxg2 18. Bh6 e6 19. Nf3 Rb8 20. Qg4 Bxf3 21. Bxf3 Nh4 22. Bxf8 f5 23. Qh3 Kxf8 24. Rab1 g5 25. Be2 g4 26. Qe3 Qf6 27. Kh1 f4 28. Qe4 f3 29. Bc4 d5 30. Qxh7 dxc4 31. Rfe1 Ng6 32. Rbd1 Qf4 33. Rd7 Qf6 34. Red1 Re8 35. Qh6+ Kg8 36. Qh7+ Kf8 37. Qh6+ Kg8 38. Rh7 Bf4 39. Qh5 e5 40. Rdd7 e4 41. Rhg7+ Qxg7 42. Rxg7+ Kxg7 43. Qc5 e3 44. fxe3 Bxe3 45. Qc7+ Re7 46. Qd6 Bf4 47. Qd1 f2 48. Kg2 Re1 49. Qxe1 fxe1=Q 50. h3 Qg3+ 51. Kh1 Qh2# 0-1

[Event "1st FIDE OWCCCC Pools-East 2021"]
[Site "Online"]
[Date "2021.02.20"]
[Round "6.26"]
[White "Grishin, Alexander"]
[Black "Rudresh G Naik"]
[Result "1-0"]
[WhiteElo "2186"]
[BlackElo "1425"]
[Annotator "NA"]
[PlyCount "107"]
[EventDate "2021.02.19"]
[EventType "team-tourn"]
[EventCountry "NET"]
[SourceTitle "playchess.com"]
[Source "ChessBase"]
[SourceQuality "1"]

1. d4 Nf6 2. Nf3 e6 3. c4 d5 4. Nc3 Bb4 5. Qc2 O-O 6. Bg5 h6 7. Bh4 c5 8. e3 Nbd7 9. cxd5 exd5 10. Bd3 Re8 11. O-O cxd4 12. Nxd5 Bd6 13. exd4 Qa5 14. Nxf6+ Nxf6 15. Bxf6 gxf6 16. h3 Bd7 17. Rfe1 Qh5 18. Rxe8+ Rxe8 19. Re1 Rc8 20. Qe2 Kh8 21. Qe4 f5 22. Qd5 Rc6 23. Ne5 Be6 24. Qb5 Rc8 25. Qxb7 Bxe5 26. dxe5 Rg8 27. Kh1 f4 28. Be2 Qh4 29. Qf3 Rd8 30. Rd1 Rg8 31. b3 Kh7 32. Bd3+ Kh8 33. Bc4 Bg4 34. Qd3 Bxd1 35. Qxd1 Qxf2 36. Qd5 Qxa2 37. Bd3 Qf2 38. Qe4 Rg6 39. e6 Kg7 40. e7 Re6 41. e8=Q Rxe4 42. Qxe4 Qg3 43. Qe2 Kf6 44. Kg1 Kg5 45. Be4 f5 46. Bf3 h5 47. Qf2 h4 48. Qxg3+ fxg3 49. Kf1 Kf4 50. Ke2 Ke5 51. Kd3 Kd6 52. Kc4 Kc7 53. Kb5 Kb8 54. Ka6 1-0

[Event "1st FIDE OWCCCC Pools-East 2021"]
[Site "Online"]
[Date "2021.02.20"]
[Round "6.26"]
[White "Atkar, Sanjay"]
[Black "Van Splunter, Niels"]
[Result "0-1"]
[WhiteElo "1555"]
[BlackElo "2069"]
[Annotator "NA"]
[PlyCount "92"]
[EventDate "2021.02.19"]
[EventType "team-tourn"]
[EventCountry "NET"]
[SourceTitle "playchess.com"]
[Source "ChessBase"]
[SourceQuality "1"]

1. d4 Nf6 2. Bf4 g6 3. Nc3 d5 4. e3 Bg7 5. Bd3 O-O 6. Nf3 c5 7. Nb5 Na6 8. c3 cxd4 9. exd4 Bd7 10. a4 Nh5 11. Bg3 Nxg3 12. hxg3 e5 13. dxe5 Re8 14. Qc2 Nc5 15. O-O-O Qa5 16. Ng5 Nxd3+ 17. Rxd3 h6 18. Rxd5 Bf5 19. Ne4 Bxe5 20. f3 Bxg3 21. Rxf5 Rxe4 22. Qxe4 gxf5 23. Qxf5 Qxa4 24. Kb1 Qf4 25. Nd4 Re8 26. Qxf4 Bxf4 27. Nf5 Kh7 28. g3 Bg5 29. f4 Kg6 30. fxg5 Kxf5 31. gxh6 Kg6 32. g4 Rh8 33. Kc2 Rxh6 34. Rxh6+ Kxh6 35. Kd3 Kg5 36. Kd4 Kxg4 37. Kc5 f5 38. Kd6 f4 39. Kc7 b5 40. Kc6 f3 41. Kxb5 f2 42. b4 f1=Q+ 43. c4 Kf5 44. Kc5 Ke5 45. b5 Qf8+ 46. Kc6 Qc8# 0-1

[Event "1st FIDE OWCCCC Pools-East 2021"]
[Site "Online"]
[Date "2021.02.20"]
[Round "6.27"]
[White "De Kleuver, Esther"]
[Black "Madhuri M. Patil"]
[Result "1-0"]
[WhiteElo "2049"]
[BlackElo "1892"]
[Annotator "NA"]
[PlyCount "53"]
[EventDate "2021.02.19"]
[EventType "team-tourn"]
[EventCountry "NET"]
[SourceTitle "playchess.com"]
[Source "ChessBase"]
[SourceQuality "1"]

1. e4 e5 2. Nf3 Nc6 3. Bc4 Bc5 4. d3 Nf6 5. c3 d6 6. h3 O-O 7. O-O a6 8. Bb3 Re8 9. Nbd2 b5 10. Re1 Bb7 11. Nf1 h6 12. Ng3 Ne7 13. Nh4 Bc8 14. Qf3 Kh7 15. Nh5 Nxh5 16. Qxh5 g6 17. Qxh6+ Kg8 18. Nxg6 Nxg6 19. Qxg6+ Kh8 20. Bxf7 Re6 21. Bxe6 Bxe6 22. Qxe6 Qf8 23. Be3 Re8 24. Qg4 Bxe3 25. Rxe3 Qh6 26. Rg3 Rg8 27. Qxg8# 1-0

[Event "1st FIDE OWCCCC Pools-East 2021"]
[Site "Online"]
[Date "2021.02.20"]
[Round "6.27"]
[White "Vadhani, Nikitesh"]
[Black "Pinto, Andre Jorge P A Nuno"]
[Result "0-1"]
[WhiteElo "1593"]
[BlackElo "1534"]
[Annotator "NA"]
[PlyCount "118"]
[EventDate "2021.02.19"]
[EventType "team-tourn"]
[EventCountry "NET"]
[SourceTitle "playchess.com"]
[Source "ChessBase"]
[SourceQuality "1"]

1. d4 Nf6 2. c4 c5 3. dxc5 Na6 4. Nf3 Nxc5 5. e3 g6 6. Ng5 Bg7 7. Be2 O-O 8. Nc3 d6 9. O-O Bd7 10. b3 h6 11. Nf3 Nfe4 12. Nxe4 Nxe4 13. Nd4 Nc3 14. Qd3 Nxe2+ 15. Qxe2 a6 16. Qf3 b5 17. cxb5 axb5 18. Bb2 Rc8 19. e4 Qb6 20. Qe3 b4 21. Rab1 Rc7 22. Nf5 Qxe3 23. Nxe7+ Kh7 24. fxe3 Bb5 25. Bxg7 Kxg7 26. Nd5 Bxf1 27. Nxc7 Rc8 28. Kxf1 Rxc7 29. Rd1 Rc2 30. Rxd6 Rxa2 31. e5 Rb2 32. e6 fxe6 33. Rxe6 Rxb3 34. Rb6 Rb2 35. Re6 b3 36. e4 Kf7 37. Rb6 h5 38. h4 Kg7 39. e5 Kf7 40. Rf6+ Kg7 41. Rb6 Rb1+ 42. Kf2 b2 43. e6 Kf6 44. Kf3 Rf1+ 45. Kg3 b1=Q 46. Rxb1 Rxb1 47. Kf4 Kxe6 48. g4 hxg4 49. Kxg4 Kf6 50. h5 Rb4+ 51. Kf3 gxh5 52. Ke3 Ke5 53. Kf3 Rb3+ 54. Kg2 Kf4 55. Kf2 Rb2+ 56. Ke1 Ke3 57. Kd1 Rb7 58. Kc1 Kd3 59. Kd1 Rb1# 0-1

[Event "1st FIDE OWCCCC Pools-East 2021"]
[Site "Online"]
[Date "2021.02.20"]
[Round "6.27"]
[White "Joergensen, Mads"]
[Black "Rajaraman, Ananth"]
[Result "0-1"]
[WhiteElo "1450"]
[BlackElo "2123"]
[Annotator "NA"]
[PlyCount "58"]
[EventDate "2021.02.19"]
[EventType "team-tourn"]
[EventCountry "NET"]
[SourceTitle "playchess.com"]
[Source "ChessBase"]
[SourceQuality "1"]

1. e4 e5 2. Nf3 Nc6 3. Bb5 a6 4. Bxc6 dxc6 5. Nxe5 Qd4 6. Nf3 Qxe4+ 7. Qe2 Qxe2+ 8. Kxe2 Bg4 9. d3 O-O-O 10. h3 Bh5 11. g4 Bg6 12. Be3 f6 13. Nc3 Ne7 14. Rhe1 h5 15. g5 Bf5 16. Rh1 Nd5 17. Nd4 Bd7 18. Ne4 f5 19. Nc5 Bxc5 20. Nxf5 Bxe3 21. Nxe3 Rde8 22. Kd2 Rhf8 23. Raf1 Nxe3 24. fxe3 Rxf1 25. Rxf1 Bxh3 26. Rf7 Rg8 27. e4 Kd8 28. Ke3 Be6 29. b3 Bxf7 0-1

[Event "1st FIDE OWCCCC Pools-East 2021"]
[Site "Online"]
[Date "2021.02.20"]
[Round "6.27"]
[White "Jindal, Kanica"]
[Black "Ma, Whee Ky"]
[Result "0-1"]
[WhiteElo "1404"]
[BlackElo "2324"]
[Annotator "NA"]
[PlyCount "58"]
[EventDate "2021.02.19"]
[EventType "team-tourn"]
[EventCountry "NET"]
[SourceTitle "playchess.com"]
[Source "ChessBase"]
[SourceQuality "1"]

1. e4 c5 2. Nf3 d6 3. d4 cxd4 4. Nxd4 Nf6 5. Nc3 a6 6. Bc4 e6 7. a3 Qc7 8. Ba2 Nc6 9. O-O Be7 10. Bg5 h6 11. Bf4 e5 12. Nxc6 bxc6 13. Be3 Be6 14. f3 Rd8 15. Na4 c5 16. Qe2 Bxa2 17. Rxa2 d5 18. Qxa6 d4 19. Bd2 Qd7 20. Nb6 Qe6 21. Raa1 O-O 22. a4 Nd7 23. a5 Nxb6 24. Qxb6 Qc4 25. c3 Rb8 26. Qc6 Rfc8 27. Qd5 Qxd5 28. exd5 Rxb2 29. Bc1 Rc2 0-1

[Event "1st FIDE OWCCCC Pools-East 2021"]
[Site "Online"]
[Date "2021.02.20"]
[Round "6.27"]
[White "Muratorio, Fabio"]
[Black "Shramani"]
[Result "1-0"]
[WhiteElo "1233"]
[BlackElo "784"]
[Annotator "NA"]
[PlyCount "71"]
[EventDate "2021.02.19"]
[EventType "team-tourn"]
[EventCountry "NET"]
[SourceTitle "playchess.com"]
[Source "ChessBase"]
[SourceQuality "1"]

1. e4 e5 2. Nf3 Nc6 3. Bb5 Nf6 4. Nc3 d5 5. exd5 Nxd5 6. Nxe5 a6 7. Nxc6 bxc6 8. Bxc6+ Bd7 9. Bxd5 Rb8 10. Qf3 Qe7+ 11. Qe4 Qxe4+ 12. Nxe4 Bf5 13. O-O Rd8 14. Bc6+ Bd7 15. Bxd7+ Rxd7 16. Re1 Re7 17. Kf1 f5 18. Nc3 Rxe1+ 19. Kxe1 Bc5 20. d3 Rf8 21. Be3 Bxe3 22. fxe3 Kd8 23. Ke2 Re8 24. g3 c5 25. Rf1 g6 26. Rf4 Re5 27. d4 Re7 28. dxc5 Rf7 29. Ra4 Rf6 30. Nd5 Rd6 31. cxd6 f4 32. gxf4 h5 33. Rxa6 h4 34. Nf6 Kc8 35. Rb6 Kd8 36. Rb8# 1-0

[Event "1st FIDE OWCCCC Pools-East 2021"]
[Site "Online"]
[Date "2021.02.20"]
[Round "6.28"]
[White "Jay_"]
[Black "Manappa, Narendra Tumbekodige"]
[Result "1-0"]
[WhiteElo "2100"]
[BlackElo "1611"]
[Annotator "NA"]
[PlyCount "49"]
[EventDate "2021.02.19"]
[EventType "team-tourn"]
[EventCountry "NET"]
[SourceTitle "playchess.com"]
[Source "ChessBase"]
[SourceQuality "1"]

1. e4 c5 2. Nc3 Nc6 3. f4 d6 4. Nf3 e6 5. Be2 Nf6 6. O-O Be7 7. d3 O-O 8. Qe1 a6 9. a4 b6 10. Qg3 Bb7 11. e5 Nd5 12. Ne4 f5 13. exf6 Bxf6 14. Qh3 Qe7 15. Nfg5 Bxg5 16. Nxg5 g6 17. Bg4 Nd4 18. Bxe6+ Nxe6 19. Qxe6+ Qxe6 20. Nxe6 Rfe8 21. Ng5 Ne3 22. Bxe3 Rxe3 23. Rae1 Rae8 24. Rxe3 Re7 25. Rxe7 1-0

[Event "1st FIDE OWCCCC Pools-East 2021"]
[Site "Online"]
[Date "2021.02.20"]
[Round "6.28"]
[White "Kondrashina, Svetlana"]
[Black "Saket K Rao"]
[Result "1-0"]
[WhiteElo "1669"]
[BlackElo "1166"]
[Annotator "NA"]
[PlyCount "83"]
[EventDate "2021.02.19"]
[EventType "team-tourn"]
[EventCountry "NET"]
[SourceTitle "playchess.com"]
[Source "ChessBase"]
[SourceQuality "1"]

1. e4 c5 2. Nc3 d6 3. g3 Nc6 4. Bg2 g6 5. d3 Bg7 6. Be3 Nf6 7. h3 a6 8. Qd2 Qc7 9. Nge2 Be6 10. O-O O-O 11. Bh6 Qc8 12. Bxg7 Kxg7 13. f4 Bxh3 14. f5 Bxg2 15. Kxg2 Ne5 16. Rh1 h5 17. Qg5 Rh8 18. Nf4 Qd8 19. fxg6 Nxg6 20. Nxh5+ Nxh5 21. Rxh5 Rxh5 22. Qxh5 Qh8 23. Qd5 Rb8 24. Rh1 Qg8 25. Qh5 Kf8 26. Nd5 b5 27. Qh6+ Ke8 28. Qg5 e6 29. Nf6+ Kf8 30. Nxg8 Kxg8 31. Qh6 Rb7 32. Qh7+ Kf8 33. Rf1 a5 34. Qxg6 a4 35. Qxe6 Kg8 36. Qxd6 b4 37. Qxc5 b3 38. axb3 axb3 39. cxb3 Rxb3 40. Qd5 Rxb2+ 41. Rf2 Rxf2+ 42. Kxf2 1-0